Deset podob lásky /

Hlavní autor: Vodičková, Marie, 1951-
Další autoři: Linka, Arne, 1938-1999, Šíma, Josef, 1891-1971
Jazyk: Čeština
Vydáno: Praha : Československý spisovatel, 1968
Vydání: 1. vyd.
Externí odkaz: Digitalizovaný dokument
Fyzický popis: 194 s., obr. příl. : il.
Knihy
Uloženo v:
LEADER 01062nam a22002772a 4500
001 000943533
003 CZ BrMZK
005 20090710073426.0
007 ta
008 090603s1968 xr af er|||||||||||cze d
015 |a cnb000424089  |z cnb000124227 
035 |a (OCoLC)43122716 
040 |a BOA001  |b cze 
100 1 |a Vodičková, Marie,  |d 1951-  |7 nlk20030136131  |4 aut 
245 1 0 |a Deset podob lásky /  |c výbor uspořádala Marie Vodičková a Arne Linka ; ilustroval Josef Šíma 
250 |a 1. vyd. 
260 |a Praha :  |b Československý spisovatel,  |c 1968 
300 |a 194 s., obr. příl. :  |b il. 
500 |a Prémie pro čtenáře edice Klíč 
700 1 |a Linka, Arne,  |d 1938-1999  |7 jn20000401643  |4 aut 
700 1 |a Šíma, Josef,  |d 1891-1971  |7 jk01122943  |4 ill 
856 4 1 |u http://www.digitalniknihovna.cz/mzk/uuid/uuid:568ec4a0-cae7-11e3-b110-005056827e51  |y Digitalizovaný dokument  |x NDK 
910 |a BOA001  |b 1-0621.516 
990 |a BK 
991 |b 200906 
996 6 |b 2619484281  |c 1-0621.516  |l MZK  |r Sklad / do 1 hodiny  |n 1  |w 000943533  |u 000010  |a 1  |e BOA001  |j MZK50  |s P